00445nam a2200169Ia 4500003000400000005001700004008004100021020001800062040000900080082002100089100002000110245005500130250001200185260005600197300000900253650001300262OSt20201012101538.0190216s9999||||xx |||||||||||||| ||und|| a9788177584097 coclc a621.38153bMAN/D aMano, M Morris  0aDigital Logic And Computer Design /cM Morris Mano a9th Ed. bPearson Education International,aNew Delhi:c2008. a612p aComputer